Größte Städte der Welt nach Buchstabe - R - Statistiken

Allgemein
  • Dieses Quiz wurde 361 mal gespielt
  • Das Durchschnittsergebnis liegt bei 7 aus 15
Antwortstatistiken
Land Bevölkerung Stadt % Korrekt
Brasilien 13,4 Mio. Rio de Janeiro
97%
Italien 3,45 Mio. Rom
97%
Saudi-Arabien 9,15 Mio. Riad
96%
Niederlande 3,38 Mio. Rotterdam
94%
Marokko 2,13 Mio. Rabat
90%
Myanmar 6,00 Mio. Rangun
48%
Russland 1,40 Mio. Rostow am Don
43%
Brasilien 3,93 Mio. Recife
42%
USA 1,77 Mio. Raleigh
36%
Argentinien 1,42 Mio. Rosario
30%
USA 1,12 Mio. Richmond
27%
Pakistan 3,73 Mio. Rawalpindi
20%
Indien 2,08 Mio. Rajkot
5%
Indien 1,55 Mio. Ranchi
4%
China 1,21 Mio. Rizhao
3%
Keine übereinstimmenden Quizze gefunden
Verteilung der Resultate
Anzahl Personen mit jedem Resultat
Perzentil nach korrekt beantworteten Fragen
Ihre Resultats-Entwicklung
Sie haben dieses Quiz noch nicht gespielt